| 000 | 01259cam a2200325 i 4500 | ||
|---|---|---|---|
| 999 |
_c3454 _d3454 |
||
| 001 | a1217002 | ||
| 003 | OSt | ||
| 005 | 20240120160155.0 | ||
| 008 | 220530t20212021nyua c 000 1 eng d | ||
| 020 |
_a9780063016033 _q(hardcover) : |
||
| 040 |
_aDLC _beng _cDLC _dTOH _dMJ8 _dOCO _dZAC _dOCLCF _dIZ8 _dEHH _dSDD _dNZAUC _dDLC _dOCLCO _dTAE _dKH8 _erda |
||
| 042 | _anbic | ||
| 082 | 0 | _a813.6 HEI | |
| 100 | 1 |
_aHeisel, Rina, _eauthor. |
|
| 245 | 1 | 0 |
_aJourney beyond the burrow / _cRina Heisel. |
| 250 | _aFirst edition. | ||
| 264 | 1 |
_aNew York, NY : _bHarper, an imprint of HarperCollins Publishers, _c[2021] |
|
| 264 | 4 | _c©2021. | |
| 300 |
_a270 pages : _billustrations ; _c22 cm. |
||
| 336 |
_atext _btxt _2rdacontent. |
||
| 337 |
_aunmediated _bn _2rdamedia. |
||
| 338 |
_avolume _bnc _2rdacarrier. |
||
| 520 | _aWhen young mouse Tobin has his baby brother snatched from his burrow by monstrous spiders, Tobin and his friends must embark on a dangerous journey deep into their forest home to save him, encountering new friends along the way. | ||
| 521 | 1 | _aAges 8-12. | |
| 650 | 0 |
_aMice _vJuvenile fiction. |
|
| 650 | 0 |
_aForest animals _vJuvenile fiction. |
|
| 650 | 0 |
_aRescues _vJuvenile fiction. |
|
| 650 | 0 |
_aFriendship _vJuvenile fiction. |
|
| 942 |
_2ddc _cFIC |
||